| 000 | 006540000a22001810004500 | ||
|---|---|---|---|
| 041 | 0 | _aSPA | |
| 082 | 0 | 4 | _aG 300.7 I5975c |
| 110 | 1 | _aInstituto Colombiano para el Fomento de la Educación Superior | |
| 245 | 1 | 0 | _aCurso especializado en la modalidad a distancia sobre investigaciones en las ciencias sociales / Instituto Colombiano para el Fomento de la Educación Superior |
| 300 | _a128 Pag | ||
| 440 | 0 | _aLecturas complementarias - Modulo 1 | |
| 650 | 1 | 4 | _aINVESTIGACION SOCIAL \ EDUCACION SUPERIOR |
| 001 | 7723 | ||
| 942 | _cBK | ||
| 999 |
_c37928 _d37928 |
||
| 336 |
_atexto _btxt _2rdacontent |
||
| 337 |
_2rdamedia _asin mediación _bn |
||
| 338 |
_2rdacarrier _avolumen _bnc |
||